000 00629nam a22001697a 4500
003 OSt
005 20171010095449.0
008 120625t xxu||||| |||| 00| 0 eng d
040 _aMMSU
_cULS
100 _aAndres, Arthor I.
_910681
245 _aEffects of site preparation methods and weeding frequency on the plantation performance of tubang-bakod (Jatropha curcas L.)
_cArthor I. Andres
260 _c2008
300 _ax, 41 leaves
_c28 cm.
500 _aThesis (BS Forestry) -- Mariano Marcos State University-College of Agriculture & Forestry, Batac City
504 _aBibliography: leaves 30-31
942 _2ddc
_cTHEDIS
999 _c9593
_d9593